Open Data Biblioteca Nacional de Portugal


República Portuguesa: Ministério da Cultura
Biblioteca Nacional de Portugal

Catálogo da BNP: acesso por Identificadores Unívocos
Registos Bibliográficos associados ao registo de autoridade

Etiqueta de registo: 00000nkm 2200025 450
001 2278001
003 http://id.bnportugal.gov.pt/bib/catbnp/2278001
100 ## $a20260309d1991 m y0pory01030103ba
101 0# $apor
102 ## $aPT
200 1# $aARCO 91, Madrid, 7-12 feb$bVisual gráfico]$fIFEMA, Feria de Madrid
210 #9 $aMadrid$cIFEMA,$d1991
215 ## $a1 cartaz$cp&b.$d58x30 cm
317 ## $aColeção Madeira Luís
710 02 $aARCO, Feria Internacional de Arte Contemporáneo,$eMadrid,$f1991$31989861
712 02 $aIFEMA - Feria de Madrid$31661560
801 #0 $aPT$bBN$gRPC
966 ## $lBN$mICONOG$sCT. 24011 A.$x3
971 ## $cCaticonografia9$d20260309
995 ## $aPRR2026

OpendataBNP@bnportugal.pt | Mais informação sobre acesso aos dados BNP